| 000 | 00543nam a2200217Ia 4500 | ||
|---|---|---|---|
| 003 | OSt | ||
| 005 | 20230410141726.0 | ||
| 008 | 210423s2019 xx 000 0 und d | ||
| 020 | _a978-93-8716-021-7 | ||
| 040 | _cAL | ||
| 041 | _aeng | ||
| 082 |
_a615.1 _223 _bPAND |
||
| 100 |
_aPANDEY (Dinesh) _985332 |
||
| 245 | _aDrugs: discovery to approval | ||
| 260 |
_aJaipur _bAGROTECH PRESS _c2019 |
||
| 300 |
_avii,340 _bHB |
||
| 365 |
_b2295 _cINR |
||
| 650 |
_aDrugs _985333 |
||
| 906 | _aapproval ; discovery ; Drugs: | ||
| 942 |
_2ddc _cBK |
||
| 999 |
_c169499 _d169499 |
||